LEADER 03157nam a2200397 u 4500 001 000000009219 003 CaOOAMICUS 005 20070226105200.0 008 941111s1932 fr afh u000 u fre u 035 $a10233047 040 $aPUL(R)$bita 245 10$aEtudes d'histoire littéraire et doctrinale du XIIIe siècle. 260 $aParis :$bVrin,$c1932. 300 $a2 v. :$bill. ;$c26 cm 490 1 $aPublications de l'Institut d'études médiévales (Université de Montréal. Institut d'études médiévales) ;$v1-2 500 $aSul front: "Premiére Série". 500 $aBibliographical foot-notes. 505 1 $a1. sér. Présentation. Chenu, M. D. Maîtres et bacheliers de l'Université de Paris vers 1240. Description du manuscrit Paris, Bibl. nat. lat. 15652. Charland, Th. Les auteurs d'"Artes praedicandi"au XIIIe siécle d'après les manuscrits. Lachance, L. Saint Thomas dans l'histoire de la logique. Demers, G. Ed. Les divers sens du mot "ratio" au moyen âge. Autour d'un texte de Maître Ferrier de Catalogne (1275). Parent, J. M. La notion de dogme au XIIIe siècle. Albert, G., Parent, J. M. [et] Guillemette, A. La légende des trois mariages de sainte Anne. Un texte nouveau. Jocas, G. de et Jocas, J. de. Le livre d'heures de la famille de Jocas. Table des incipit. Table des manuscrits citès. Tables des noms de personnes. Tables générale des matières. -- 2. sér. Longpré, E. Le commentaire sur les Sentences du B. Gauthier de Bruges (1225-1307). Martineau, R. M. La "Summa de officiis ecclesiasticis" de Guillaumed'Auxerre. Péghaire, J. La causalité du bien selon Albert le Grand. Drouin, F. M. Le libre arbitre dans l'organi 650 4$aMedioevo$xStoria.$0(OLS)http://pul/subject/1431 650 4$aLetteratura medievale.$0(OLS)http://pul/subject/3725 830 0$aPublications de l'Institut d'études médiévales (Université de Montréal. Institut d'études médiévales) ;$v1-2.$0(OLS)http://pul/title/12229 850 $aPUL 852 $aPUL$W1$xDP1 Fondo Maccarrone$y58$m1500 G 4-5$j13054$nBK-PRI$b $qFondi$B13054$CPULBib$Z2$F13054 $81 852 $aPUL$W1$xDP1 Fondo Maccarrone$y58$m1500 G 4-5$j13054$nBK-PRI$b $qFondi$B13055$CPULBib$Z2$F13055 $81 852 $aPUL$W1$xDP2 Filosofia 1$y62$m97 C 51$j13056$nBK-PRI$bV. 2$qStampati$B13056$CPULBib$Z2$F13056 $H11226 $82 852 $aPUL$W1$xDP2 Filosofia 1$y62$m107 D 3$j13058$nBK-PRI$bV. 2$qStampati$B13059$CPULBib$Z2$F13059 $81 852 $aPUL$W1$xDP2 Filosofia 1$y62$m97 C 50$j158228$nBK-PRI$bV. 1$qStampati$B13057$CPULBib$Z2$F13057 $H11225 $82 852 $aPUL$W1$xDP2 Filosofia 1$y62$m107 D 2$j191611$nBK-PRI$bV. 1$qStampati$B13058$CPULBib$Z2$F13058 $81 941 1 $a8 941 1 $a1 961 $aINV: 00251-252 -- Fondo Mons. M. Maccarrone 961 $aINV: 00251-252 -- Fondo Mons. M. Maccarrone 961 $aINV: 11225-11226 961 $aINV: 11225-11226 996 $6245$aEtudes d'histoire littéraire et doctrinale du XIIIe siècle$9(OLS)http://pul/title/13543 996 $6260$aParis :$bVrin$9(OLS)http://pul/publisher/50780 LEADER 01010nam a2200241 u 4500 001 000000038817 003 CaOOAMICUS 005 20070226113923.0 008 980428s1896 it u000 u ita u 035 $a10792707 040 $aPUL(R)$bita 100 1 $aMosca, Tommaso.$0(OLS)http://pul/name/28933 245 10$aNuovi studi e nuove dottrine sulla colpa nel diritto civile, penale ed amministrativo /$cTommaso Mosca. 260 $aRoma :$bG. Bertero,$c1896. 300 $a206 p. ;$c26 cm 500 $aContiene indici. 504 $aBibliografia in nota. 650 4$aColpa (diritto penale).$0(OLS)http://pul/subject/18066 850 $aPUL 852 $aPUL$W1$xDP1 Antico 800$y27$m178 H 9$j52843$nBK-PRI$b $qStampati Antico$B52843$CPULBib$Z2$F52843 $H $81 941 1 $a15 996 $6245$aNuovi studi e nuove dottrine sulla colpa nel diritto civile, penale ed amministrativo$9(OLS)http://pul/title/52630 996 $6260$aRoma :$bG. Bertero$9(OLS)http://pul/publisher/55878